01188nam a2200193Ia 4500001001100000003001000011008004100021040002500062041001300087100002900100245007100129250001100200260009100211300001200302500026600314501011400580520026600694650003400960L251-17974IT-CnALBA170116s9999||||xx |||||||||||||| ||und|| aIT-CnALBAcIT-CnALBA aITALIANO aFRANCO SECONDO, D.C.D.G. 0aCONFERENZE DEL PADRE SECONDO FRANCO. VOL. II. IL PROTESTANTESIMO.  a1a ed. aARC. MODENA.bIMMAC. CONCEZ. TIP. PONT.c1889 [1° Ed.:1889 - Ed.Ling.Originale: 1889] a531 p.  aAUTORI DEL PROTESTANTESIMO. EFFETTI. PROPAGAZIONE. SOLA SCRITTURA. SENSO DELLE SCRITTURE. PROTESTANTESIMO COME FANATISMO. DIFFERENZA COL CATTOLICESIMO. MANCANTE DELL'APOSTOLICITA'. DELL'UNITÀ. STERILITA'. FECONDITÀ DELLA CHIESA CATTOLICA. AUTORITÀ DI PIET aSocietà San Paolo EM - Piazza San Paolo, 14 - 12051 ALBA (CN) (non commercial uses only) ® Copyright 2017 aAUTORI DEL PROTESTANTESIMO. EFFETTI. PROPAGAZIONE. SOLA SCRITTURA. SENSO DELLE SCRITTURE. PROTESTANTESIMO COME FANATISMO. DIFFERENZA COL CATTOLICESIMO. MANCANTE DELL'APOSTOLICITA'. DELL'UNITÀ. STERILITA'. FECONDITÀ DELLA CHIESA CATTOLICA. AUTORITÀ DI PIET aPREDICAZIONE - ORATORIA SACRA